000
00219 a2200097 4500
001
58324
100
_a
245
_a
Advanced intel microprocessor
260
_a
NY
_b
Merrill Publishing Co.
_c
1992
090
_c
35811
_d
35811
942
_a
NUST-CAE
_c
_c
28682
999
_c
293397
_d
293397